| 000 | | | 04723nac2a22003133x 450 |
| 001 | | | ecbd1ccf-dd59-4154-b52f-5b51392d887d |
| 005 | | | 20260120005047.0 |
| 100 | ## | $a | 20251101l19471947k y0rusy50 ca |
| 101 | 0# | $a | rus |
| 102 | ## | $a | RU |
| 105 | ## | $a | y z ||||| |
| 122 | 2# | $a | d19471101 |
| | $a | d19471213 |
| 200 | 1# | $a | Протокол № 23 заседания Президиума Верховного Совета СССР (подлинный) |
| | $j | 1 ноября - 13 декабря 1947 |
| 215 | ## | $a | 83 листа |
| | $d | 29,8 х 20,7 |
| 251 | ## | $c | Дело |
| 300 | ## | $a | Заголовок дела на папке: Протокол № 23 заседания Президиума Верховного Совета СССР (подлинный) том I |
| 300 | ## | $a | Листы: 83 листа, в том числе: + листов внутренней описи I |
| 300 | ## | $a | Машинописный текст с рукописными пометками |
| 461 | #0 | $1 | 001d61833fe-7036-4123-ba24-5c83654b2cf0 |
| | $1 | 2001 |
| | $a | Верховный Совет СССР |
| | $1 | 251 |
| | $c | Фонд |
| | $1 | 852 |
| | $g | Р |
| | $j | 7523 |
| 462 | #0 | $1 | 001f97228f9-855d-4329-90f3-ac5adbe8c7dc |
| | $1 | 2001 |
| | $a | Подлинные протоколы заседаний Президиума Верховного Совета СССР и материалов к ним второго созыва |
| | $v | Д. 171 |
| | $1 | 251 |
| | $c | Опись |
| | $1 | 852 |
| | $j | 36 |
| 517 | 1# | $a | Протокол № 23 заседания Президиума Верховного Совета СССР (подлинный) том I |
| 601 | 01 | $3 | RU\NLR\AUTH\8810065327 |
| | $a | СССР |
| | $b | Верховный Совет |
| | $b | Президиум |
| 605 | ## | $3 | DITM\AF\0000002775 |
| | $a | Власть |
| | $l | коллекция |
| | $2 | acquisition_prlib |
| 610 | 1# | $a | Протокол |
| | $a | Заседание |
| 686 | ## | $a | 63.3(2)62-332ю1 |
| | $c | История |
| | $2 | rubbk |
| 686 | ## | $a | 67.400.6ю1 |
| | $c | Право |
| | $2 | rubbk |
| 801 | #0 | $a | RU |
| | $b | GA_RF |
| 801 | #1 | $a | RU |
| | $b | ГлавНИВЦ |
| | $c | 20251101 |
| | $2 | rusmarc |
| 801 | #2 | $a | RU |
| | $b | ПБ им. Б.Н. Ельцина |
| | $c | 20260120 |
| | $g | RCR |
| | $2 | rusmarc |
| 852 | ## | $a | ГА РФ |
| | $j | 171 |
| 937 | ## | $d | 200077087 |
| | $h | ГАРФ |
| 035 | ## | $a | RuPRLIB51080930 |
| 856 | ## | $u | http://readingroom.main.prlib.ru/item.aspx?id_node=n200077087&mode=full |